[Event "BEL-ch U20 Elite "]
[Site "Blankenberge"]
[Date "2015.04.15"]
[Round "6"]
[White "Lenaerts, Lennert"]
[Black "Cox, Jan"]
[Result "1-0"]
[WhiteElo "2225"]
[BlackElo "2001"]
[PlyCount "73"]
[EventDate "2015.04.12"]
[EventType "tourn"]
[EventRounds "9"]
[EventCountry "BEL"]
[SourceTitle "CBM 166 Extra"]
[Source "ChessBase"]
[SourceDate "2015.06.18"]
[SourceVersion "1"]
[SourceVersionDate "2015.06.18"]
[SourceQuality "1"]

1. d4 Nf6 2. c4 g6 3. Nc3 Bg7 4. e4 d6 5. f3 0-0 6. Be3 c5 7. Nge2 Nc6 8. d5 Ne5 9. Ng3 a6 10. a4 Qa5 11. Bd2 Rb8 12. Be2 Re8 13. 0-0 Qc7 14. h3 Ned7 15. f4 Nf8 16. Be3 e6 17. Qd2 exd5 18. cxd5 Bd7 19. a5 b5 20. axb6 Rxb6 21. Bxa6 Reb8 22. Rfb1 Rb4 23. e5 Ne8 24. Nce4 dxe5 25. Bxc5 Rxe4 26. Nxe4 Bf5 27. Rc1 Bxe4 28. Bxf8 Qb6+ 29. Bc5 Qxb2 30. Qxb2 Rxb2 31. Bf2 Nd6 32. Rc6 Nf5 33. Rc8+ Bf8 34. Bc5 Rxg2+ 35. Kf1 Ng3+ 36. Ke1 Rg1+ 37. Bxg1 1-0

[Event "NED-ch U17"]
[Site "Haarlem"]
[Date "2012.04.30"]
[Round "3"]
[White "Dubbeldam, Mathijs"]
[Black "Cox, Jan"]
[Result "0-1"]
[WhiteElo "1121"]
[BlackElo "2006"]
[PlyCount "54"]
[EventDate "2012.04.28"]
[EventType "swiss"]
[EventRounds "9"]
[EventCountry "NED"]
[SourceTitle "EXT 2013"]
[Source "ChessBase"]
[SourceDate "2012.11.22"]
[SourceVersion "1"]
[SourceVersionDate "2012.11.22"]
[SourceQuality "1"]

1. e4 e5 2. Nf3 Nc6 3. d4 exd4 4. Nxd4 Nf6 5. Nc3 Bb4 6. Nxc6 bxc6 7. Bd3 d5 8. e5 Nd7 9. Bf4 0-0 10. 0-0 Nc5 11. Be2 Ne6 12. Bg3 f6 13. a3 Bc5 14. Bd3 f5 15. h3 Qg5 16. Kh1 f4 17. Bh2 f3 18. gxf3 Nf4 19. Rg1 Qh5 20. Bxf4 Rxf4 21. Rg2 Rxf3 22. Qg1 Rxh3+ 23. Rh2 Bg4 24. Bf1 Bf3+ 25. Bg2 Bxf2 26. Rxh3 Qxh3+ 27. Qh2 Bxg2# 0-1

[Event "Hoogeveen Unive op 15th"]
[Site "Hoogeveen"]
[Date "2011.10.17"]
[Round "4"]
[White "Mol, Christiaan"]
[Black "Cox, Jan"]
[Result "1-0"]
[WhiteElo "2013"]
[BlackElo "2008"]
[PlyCount "75"]
[EventDate "2011.10.14"]
[EventType "swiss"]
[EventRounds "9"]
[EventCountry "NED"]
[SourceTitle "CBM 144 Extra"]
[Source "ChessBase"]
[SourceDate "2011.10.28"]
[SourceVersion "1"]
[SourceVersionDate "2011.10.28"]
[SourceQuality "1"]

1. d4 Nf6 2. c4 g6 3. Nc3 Bg7 4. e4 d6 5. f3 0-0 6. Be3 e5 7. d5 c6 8. Bd3 cxd5 9. cxd5 a6 10. Nge2 Nbd7 11. 0-0 Nc5 12. Bc2 Ne8 13. Qd2 f5 14. exf5 gxf5 15. f4 b6 16. Rad1 Ra7 17. fxe5 dxe5 18. b4 Nd7 19. Bxf5 Nd6 20. Be6+ Kh8 21. Rxf8+ Nxf8 22. Bg5 Qe8 23. Bxc8 Qxc8 24. Qe3 Nc4 25. Qf3 Qe8 26. d6 Ne6 27. Be7 Rd7 28. Qd5 Ne3 29. Qxe6 Nxd1 30. Nxd1 a5 31. b5 Rd8 32. Ndc3 h6 33. h3 Rd7 34. Ne4 Rd8 35. Nf6 Bxf6 36. Bxf6+ Kh7 37. Qxe8 Rxe8 38. d7 1-0

[Event "Dieren op"]
[Site "Dieren"]
[Date "2011.07.19"]
[Round "1"]
[White "Cox, Jan"]
[Black "Van der Linden, Lucas"]
[Result "0-1"]
[WhiteElo "1962"]
[BlackElo "2275"]
[PlyCount "108"]
[EventDate "2011.07.19"]
[EventType "swiss"]
[EventRounds "9"]
[EventCountry "NED"]
[SourceTitle "CBM 143 Extra"]
[Source "ChessBase"]
[SourceDate "2011.08.29"]
[SourceVersion "1"]
[SourceVersionDate "2011.08.29"]
[SourceQuality "1"]

1. e4 c5 2. c3 Nf6 3. e5 Nd5 4. Nf3 e6 5. d4 cxd4 6. cxd4 d6 7. Bc4 Nb6 8. Bb3 Nc6 9. 0-0 dxe5 10. dxe5 Qxd1 11. Rxd1 Bd7 12. Nc3 Na5 13. Be3 Nac4 14. Bxb6 Nxb6 15. Ne4 Bc6 16. Nd6+ Bxd6 17. Rxd6 Rc8 18. Nd4 Bd5 19. Bxd5 Nxd5 20. Kf1 g6 21. g3 Ke7 22. Ke2 Rc4 23. Rd1 Rhc8 24. a3 Ra4 25. Kd3 h6 26. Rd2 Rcc4 27. Nc2 Rc8 28. Nd4 Rac4 29. f4 Nb6 30. Ke3 Rc1 31. Ke2 Nc4 32. Rd3 Nxd6 33. exd6+ Kd7 34. Nf3 R1c2+ 35. Ke3 f6 36. Rb3 b6 37. Nh4 g5 38. fxg5 hxg5 39. Nf3 Kxd6 40. Nd4 R2c5 41. Nb5+ Ke7 42. Nxa7 Rb8 43. Nb5 f5 44. Nd4 Kf6 45. a4 e5 46. Nb5 f4+ 47. Kf3 Rd8 48. Nc3 Rc6 49. Ne4+ Kf5 50. g4+ Kg6 51. h3 Rd4 52. Nc3 Re6 53. Ne4 Rxa4 54. Rb5 Rd4 0-1

[Event "Maastricht Limburg op-A 5th"]
[Site "Maastricht"]
[Date "2011.06.13"]
[Round "6"]
[White "Cox, Jan"]
[Black "Van Foreest, Jorden"]
[Result "0-1"]
[WhiteElo "1955"]
[BlackElo "2082"]
[PlyCount "70"]
[EventDate "2011.06.10"]
[EventType "swiss"]
[EventRounds "7"]
[EventCountry "NED"]
[SourceTitle "CBM 142 Extra"]
[Source "ChessBase"]
[SourceDate "2011.06.27"]
[SourceVersion "1"]
[SourceVersionDate "2011.06.27"]
[SourceQuality "1"]

1. e4 c6 2. d4 d5 3. Nc3 dxe4 4. Nxe4 Bf5 5. Ng3 Bg6 6. h4 h6 7. Nf3 Nd7 8. h5 Bh7 9. Bd3 Bxd3 10. Qxd3 e6 11. Bf4 Qa5+ 12. Bd2 Bb4 13. c3 Be7 14. c4 Qc7 15. 0-0-0 Ngf6 16. Bc3 0-0 17. Kb1 Rfd8 18. Qe2 Bf8 19. Ne5 b5 20. Rde1 Re8 21. Bd2 bxc4 22. Qxc4 Nxe5 23. dxe5 Nd5 24. Qg4 Kh8 25. f4 Rab8 26. b3 a5 27. Re4 f6 28. exf6 Nxf6 29. Qg6 Nxe4 30. Nxe4 Qd7 31. Rc1 Bb4 32. Rxc6 Rbc8 33. Rxc8 Rxc8 34. Nf6 gxf6 35. Qxh6+ Qh7+ 0-1

[Event "Enschede op-C U14"]
[Site "Enschede"]
[Date "2009.08.04"]
[Round "2"]
[White "Cox, Jan"]
[Black "Vlaming, Eckhart"]
[Result "1-0"]
[WhiteElo "1752"]
[BlackElo "1479"]
[PlyCount "72"]
[EventDate "2009.08.03"]
[EventType "swiss"]
[EventRounds "7"]
[EventCountry "NED"]
[SourceTitle "CBM 132 Extra"]
[Source "ChessBase"]
[SourceDate "2009.11.03"]
[SourceVersion "1"]
[SourceVersionDate "2009.11.03"]
[SourceQuality "1"]

1. e4 e6 2. d4 d5 3. Nc3 Nf6 4. Bg5 Be7 5. e5 Nfd7 6. h4 h6 7. Bxe7 Qxe7 8. Bd3 c5 9. Nb5 Kd8 10. c3 cxd4 11. cxd4 Qb4+ 12. Qd2 Qxd2+ 13. Kxd2 Nc6 14. Nd6 Ke7 15. Ne2 f6 16. f4 f5 17. g4 fxg4 18. f5 Nb6 19. Nf4 Rg8 20. Ng6+ Kd8 21. f6 gxf6 22. exf6 Nd7 23. f7 Rg7 24. Rhf1 Nxd4 25. f8Q+ Nxf8 26. Rxf8+ Kd7 27. Nxc8 Rxc8 28. Ne5+ Kc7 29. Rc1+ Nc6 30. Rxc8+ Kxc8 31. Nxc6 bxc6 32. Rxc6+ Kd7 33. Ra6 Ke7 34. Rxa7+ Kf6 35. Rxg7 Kxg7 36. a4 e5 1-0

[Event "NED-ch U15"]
[Site "Venlo"]
[Date "2009.05.01"]
[Round "8"]
[White "Cox, Jan"]
[Black "Evengroen, Bernard"]
[Result "1-0"]
[WhiteElo "1757"]
[BlackElo "1532"]
[PlyCount "74"]
[EventDate "2009.04.24"]
[EventType "swiss"]
[EventRounds "9"]
[EventCountry "NED"]
[SourceTitle "EXT 2013"]
[Source "ChessBase"]
[SourceDate "2012.11.22"]
[SourceVersion "1"]
[SourceVersionDate "2012.11.22"]
[SourceQuality "1"]

1. e4 c5 2. c3 d5 3. exd5 Qxd5 4. d4 cxd4 5. cxd4 Nc6 6. Nf3 Bg4 7. Be2 e6 8. 0-0 Nf6 9. h3 Bf5 10. Nc3 Qa5 11. a3 Rd8 12. Qb3 Qc7 13. Rd1 Ne4 14. Nxe4 Bxe4 15. Be3 Be7 16. Rac1 Qb8 17. Ng5 Nxd4 18. Bxd4 Bd5 19. Bb5+ Kf8 20. Qc3 Bxg5 21. Bxg7+ Ke7 22. Qb4+ Rd6 23. Bxh8 f6 24. f4 Bh4 25. Rc3 a6 26. Bf1 Qa7+ 27. Qc5 Qxc5+ 28. Rxc5 Bc6 29. Rxd6 Kxd6 30. Rh5 Bg3 31. Bxf6 Bxf4 32. Rxh7 e5 33. Bc4 e4 34. Kf1 e3 35. g4 Bf3 36. g5 b5 37. Bd3 Be5 1-0